Normal view
MARC view
Entry Personal Name
001 - CONTROL NUMBER
- control field: 36910
003 - CONTROL NUMBER IDENTIFIER
- control field: OSt
005 - DATE AND TIME OF LATEST TRANSACTION
- control field: 20160204160224.0
008 - FIXED-LENGTH DATA ELEMENTS
- fixed length control field: 160204|| aca||aabn | a|a d
040 ## - CATALOGING SOURCE
- Original cataloging agency: OSt
- Transcribing agency: OSt
100 ## - HEADING--PERSONAL NAME
- Personal name: बगरी नागप्पा दासप्पा
670 ## - SOURCE DATA FOUND
- Source citation: Work cat.: (OSt)26901: बगरी नागप्पा दासप्पा , पुस्तकालय पद्धति, 1973









